000 01424cam a2200373Ia 4500
001 79443
003 BJBSDDR
005 20250130103233.0
007 ta
008 100114s2008 cr a f b 000 0 spa d
020 _a9789968809450
020 _a9968809454
035 _a(OCoLC)ocn498370112
035 _a(OCoLC)498370112
040 _aIND
_cIND
_dIND
_dIXA
_dUBY
_bspa
041 _aspa
043 _anccr---
_ancnq---
050 1 4 _aJL 1453
_bV297e 2008
100 1 _aVargas Céspedes, Jean Paul
_940079
245 1 0 _aEfectividad parlamentaria :
_bincentivos y restricciones coalicionales en Costa Rica y Nicaragua /
_cJean-Paul Vargas, Dennis P. Petri.
260 _aSan José , Costa Rica :
_bFundacion DEMUCA :
_bAECID,
_c2008.
300 _axviii, 303 páginas :
_bgráficos ;
_c23 cm.
504 _aIncluye referencias bibliográficas (páginas 285-303).
650 0 _aLegislative bodies
_zCosta Rica.
650 4 _aCuerpos legislativos
_zCosta Rica
_92842
650 0 _aLegislative bodies
_zNicaragua.
650 4 _aCuerpos legislativos
_zNicaragua
_92842
700 1 _aPetri, Dennis P.
_939820
710 2 _aAgencia Española de Cooperación Internacional para el Desarrollo (AECID)
_940296
710 2 _aFundación para el Desarrollo Local y el Fortalecimiento Municipal e Institucional de Centroamérica y el Caribe (DEMUCA)
_940297
936 _aPR 495268153
942 _2lcc
_cBK
946 _aLD
999 _c33481
_d33481